000 00312nam a2200133Ia 4500
100 _aBrenner/Robert C
942 _cBK
654 _aIBM PC
245 _aIBM PC troubleshooting and repair guide
260 _bHoward D and sons
_aIndiana
_c1985
082 _a621.381954
_bBRE
300 _a204
546 _aENGLISH
999 _c20854
_d20854